Scientific detectors for astronomy (Record no. 15707)

MARC details
000 -LEADER
fixed length control field 00824nam a2200217Ia 4500
003 - CONTROL NUMBER IDENTIFIER
control field IN-BaIIA
008 - FIXED-LENGTH DATA ELEMENTS--GENERAL INFORMATION
fixed length control field 211028s9999 xx 000 0 eng d
020 ## - INTERNATIONAL STANDARD BOOK NUMBER
International Standard Book Number 1-4020-1788-X
040 ## - CATALOGING SOURCE
Transcribing agency IIA Library
080 ## - UNIVERSAL DECIMAL CLASSIFICATION NUMBER
Universal Decimal Classification number 52(082.1)
Item number ASS-300
245 #0 - TITLE STATEMENT
Title Scientific detectors for astronomy
Remainder of title the beginning of a new era
Statement of responsibility, etc. edited by P. Amico, J. W. Beletic and J. E. Beletic
260 ## - PUBLICATION, DISTRIBUTION, ETC.
Place of publication, distribution, etc. Dordrecht
Name of publisher, distributor, etc. Kluwer Academic
Date of publication, distribution, etc. 2004
300 ## - PHYSICAL DESCRIPTION
Extent xxxiv, 625p.
490 ## - SERIES STATEMENT
Series statement Astrophysics and space science library; v. 300
650 ## - SUBJECT ADDED ENTRY--TOPICAL TERM
Topical term or geographic name entry element Astronomical instruments - congresses
9 (RLIN) 28941
650 ## - SUBJECT ADDED ENTRY--TOPICAL TERM
Topical term or geographic name entry element Charge coupled devices - congresses
9 (RLIN) 28942
650 ## - SUBJECT ADDED ENTRY--TOPICAL TERM
Topical term or geographic name entry element Optical detectors - congresses
9 (RLIN) 28943
700 ## - ADDED ENTRY--PERSONAL NAME
Personal name Beletic, J. E., ed.
9 (RLIN) 28944
700 ## - ADDED ENTRY--PERSONAL NAME
Personal name Beletic, J. W., ed.
9 (RLIN) 28945
942 ## - ADDED ENTRY ELEMENTS (KOHA)
Koha item type Books
Holdings
Withdrawn status Lost status Damaged status Not for loan Home library Current library Shelving location Date acquired Source of acquisition Cost, normal purchase price Total Checkouts Full call number Barcode Date last seen Cost, replacement price Price effective from Koha item type Purchase Price
        IIA Library-Bangalore IIA Library-Bangalore General Stacks 23/07/2004 SH 14230.35   52(082.1)/ ASS-300 16629 05/11/2021 14230.35 23/07/2004 Books Rs. 14230.35

Powered by Koha